000 01105nam a2200229Ia 4500
001 18553
005 20260401170415.0
008 260306s9999||||xx |||||||||||||| ||und||
041 _aESP
082 _a658.408
_bN29
100 _aNavarro García, Fernando
_eAUT
245 0 _aResponsabilidad social corporativa:
_bteoría y práctica
260 _c2012
300 _a447 páginas :
_c24 cm.
650 _aGEN
654 _aCAN
856 _uhttps://itmsp.museknowledge.com/UCSP?url=https://www.ebooks7-24.com:443/?il=16610&pg=1
_zVéase además: Recursos humanos y responsabilidad social corporativa. Versión digital
856 _uhttps://0u213uyfm-y-https-ebooks7--24-com.itmsp.museknowledge.com/biblioteca.aspx
_zVéase además: Base de datos Ebook7-24
856 _uhttps://0u20fuyfn-y-https-research-ebsco-com.itmsp.museknowledge.com/c/qxo6us/search
_zVéase además: Base de datos EBSCOhost
856 _uhttps://0u20vuyf8-y-https-ebookcentral-proquest-com.itmsp.museknowledge.com/lib/catolicasp/home.action
_zVéase además: Base de datos ProQuest Ebook Central
942 _cLIB
_dJUS
_fJUS
_2ddc
999 _c18553
_d18553